Nomeie os ossos do corpo humano - Statistics

Estatísticas Gerais
  • Esse quiz foi jogado 807 vezes
  • A pontuação média é 20 de 59
Estatísticas das Respostas
Nome % Correto
Fêmur
88%
Tíbia
82%
Rádio
81%
Mandíbula
66%
Úmero
65%
Clavícula
64%
Fíbula
63%
Ulna
62%
Maxilar
59%
Frontal
57%
Patela
56%
Escápula
55%
Crânio
52%
Esterno
50%
Falanges
47%
Cóccix
45%
Temporal
44%
Parietal
43%
Zigomatico
43%
Martelo
41%
Nasal
40%
Sacro
40%
Esfenóide
37%
Bigorna
34%
Estribo
31%
Etmóide
30%
Ílio
30%
Lacrimal
29%
Trapézio
29%
Vômer
29%
Calcâneo
28%
Metacarpos
28%
Metatarsos
26%
Occiptal
26%
Trapezoide
26%
Hamato
25%
Piramidal
25%
Capitato
24%
Semilunar
24%
Escafóide
23%
Cuboide
22%
Navicular
22%
Pisiforme
22%
Talús
22%
Cuneiforme
19%
Carpos
18%
Tarsos
16%
Vertebras cervicais
16%
Vertebras lombares
16%
Vertebras torácicas
13%
Dentes
12%
Costelas flutuantes
10%
Falanges Distais
10%
Costelas falsas
9%
Costelas verdadeiras
9%
Falanges proximais
9%
Falanges medias
8%
Manubrio
6%
Xifoide
6%
Nenhum quiz correspondente encontrado
Distribuição das Pontuações
Porcentagem de Pessoas com Cada Pontuação
Percentil de Números Respondidos
Sua Pontuação Histórica
Você não jogou esse quiz